| 000 | 00879nam a2200253 a 4500 | ||
|---|---|---|---|
| 001 | BRCA_6088 | ||
| 005 | 20190320205330.0 | ||
| 008 | 130611s1889----fr-a######---#000-0#fre-# | ||
| 041 | _afre | ||
| 044 | _afr | ||
| 050 | 4 |
_aN5260 _b.C38 1889 |
|
| 245 | 1 | 0 | _aCatalogue de Tableaux Anciens et Modernes, Aquarelles et Dessins et Objets d´Art formant la célèbre collection de M. E. Secrétan. |
| 260 |
_aParís _bBoussod, Valadon et Cie _c1889 |
||
| 300 |
_a2 v. _bil., láminas _c41 cm. |
||
| 500 | _aCatálogo de subasta inventariado por Banco de México como libro | ||
| 500 | _aCA10 | ||
| 600 | 1 | 4 |
_aSecrétan, M. E. _vCatálogos _xColecciones privadas _915398 |
| 650 | 1 | 4 |
_aArte _vVenta _915257 |
| 650 | 1 | 4 |
_aArte _vCatálogos _xPrecios _912934 |
| 700 | 1 |
_aWolff, Albert _d1835-1891 _915399 |
|
| 710 | 2 |
_aGalerie Charles Sedelmeyer _915400 |
|
| 902 | _aGFM | ||
| 942 |
_2lcc _cB |
||
| 999 |
_c5775 _d5775 |
||